Production and operations management

Сохранить в:
Библиографические подробности
Главный автор: Garg, Ajay K.
Формат:
Опубликовано: New Delhi : Tata McGraw Hill, c2012.
Предметы:
Метки: Добавить метку
Нет меток, Требуется 1-ая метка записи!

MARC

LEADER 00000nam a2200000 4500
005 20251006053854.0
020 |a  9780071077927  |c TZS 27,664/= 
040 |a MCCL  |b eng.  |e AACR 2nd rev. ed. 
082 |a 658.5 GAR 
100 |a  Garg, Ajay K. 
245 |a  Production and operations management  |c / Ajay K. Garg. 
260 |a New Delhi :  |b Tata McGraw Hill,   |c c2012. 
300 |a  xxxiv, 855 p.:  |b ill.;  |c 24cm 
504 |a Includes index 
546 |a eng. 
650 |a Production management 
650 |a Operations management 
650 |a Project management 
942 |c BK 
999 |c 11911  |d 11911